LEADER 01540nam a2200337 a 4500 001 000000124479 003 CaOOAMICUS 005 20110302120943.0 008 110302t2010 it u000 u ita r 020 $a978-88-13-30037-1 040 $aPUL$bita 082 04$a346.4507 100 1 $aFrignani, Aldo.$0(OLS)http://pul/name/78625 245 13$aIl contratto internazionale :$bdiritto comparato e prassi commerciale /$cAldo Frignani, Marco Torsello. 250 $a2. ed. interamente riscritta, aggiornata ed ampliata. 260 $aPadova :$bCEDAM,$c2010. 300 $aXXIX, 1027 p. ;$c25 cm. 490 1 $aTrattato di diritto commerciale e di diritto pubblico dell'economia ;$v12 500 $aInclude indice. 504 $aBibliografia in nota. 650 4$aDiritto internazionale$xStudi.$0(OLS)http://pul/subject/26811 700 1 $aTorsello, Marco.$0(OLS)http://pul/name/78626 830 0$aTrattato di diritto commerciale e di diritto pubblico dell'economia ;$v12.$0(OLS)http://pul/title/136395 850 $aPUL 852 $aPUL$W1$xSL Diritto e Scienze Sociali 3$y79$m346. 4507 FRIAN 1$j143302$qDDC 21$B142336$CPULBib$Z2$F142336 $H115746 $82 941 1 $a9 996 $6020$a978-88-13-30037-1$9(OLS)http://pul/number/146496 996 $6082$a346.4507$9(OLS)http://pul/classification/1803 996 $6245$aIl contratto internazionale :$bdiritto comparato e prassi commerciale$9(OLS)http://pul/title/156920 996 $6260$aPadova :$bCEDAM$9(OLS)http://pul/publisher/48126 LEADER 01278cam a2200313 a 4500 001 000000150677 003 CaOOAMICUS 005 20160321125453.0 008 160321s1998 ie b 000 0 eng r 020 $a1851823549* 032 $aLibriCat 040 $aPUL$bita 082 04$a232 111 2 $aPatristic Conference$n(3rd :$d1996 :$cMaynooth, Ireland).$0(OLS)http://pul/name/95899 245 10$aStudies in patristic christology /$cedited by Thomas Finan and Vincent Twomey. 260 $aDublin :$bFour Courts Press,$c1998. 300 $a245 p. ;$c24 cm. 504 $aInclude riferimenti bibliografici. 650 4$aCristologia$xCongressi.$0(OLS)http://pul/subject/38878 700 1 $aFinan, Thomas.$0(OLS)http://pul/name/95900 700 1 $aTwomey, Vincent.$0(OLS)http://pul/name/11655 850 $aPUL 852 $aPUL$W1$xSL Religione 3$y85$m232 FINTH 1$j173170$qDDC 21$B175241$CPULBib$Z2$F175241 $H127418 $81 941 1 $a9 996 $6020$a1851823549*$9(OLS)http://pul/number/160122 996 $6082$a232$9(OLS)http://pul/classification/381 996 $6245$aStudies in patristic christology$9(OLS)http://pul/title/189836 996 $6260$aDublin :$bFour Courts Press$9(OLS)http://pul/publisher/81549